Municipalities of Niigata - Click Map - Statistics

General Stats
  • This quiz has been taken 5 times
  • The average score is 21 of 30
Answers on the Map
Answers color-coded by a green-red scale on the quiz's map according to % correct below.
 
Answer Stats
Answer % Correct
Tokamachi 十日町市 とおかまちし
100%
Tsunan 津南町 つなんまち
100%
Gosen 五泉市 ごせんし
75%
Itoigawa 糸魚川市 いといがわし
75%
Izumozaki 出雲崎町 いずもざきまち
75%
Joetsu 上越市 じょうえつし
75%
Kamo 加茂市 かもし
75%
Kariwa 刈羽村 かりわむら
75%
Kashiwazaki 柏崎市 かしわざきし
75%
Minamiuonuma 南魚沼市 みなみうおぬまし
75%
Murakami 村上市 むらかみし
75%
Myoko 妙高市 みょうこうし
75%
Nagaoka 長岡市 ながおかし
75%
Niigata 新潟市 にいがたし
75%
Ojiya 小千谷市 おぢやし
75%
Sado 佐渡市 さどし
75%
Sanjo 三条市 さんじょうし
75%
Shibata 新発田市 しばたし
75%
Tsubame 燕市 つばめし
75%
Uonuma 魚沼市 うおぬまし
75%
Yuzawa 湯沢町 ゆざわまち
75%
Aga 阿賀町 あがまち
50%
Agano 阿賀野市 あがのし
50%
Awashimaura 粟島浦村 あわしまうらむら
50%
Mitsuke 見附市 みつけし
50%
Seiro 聖籠町 せいろうまち
50%
Sekikawa 関川村 せきかわむら
50%
Tagami 田上町 たがみまち
50%
Tainai 胎内市 たいないし
50%
Yahiko 弥彦村 やひこむら
50%
No matching quizzes found
Score Distribution
Percent of People with Each Score
Percentile by Number Answered
Your Score History
You have not taken this quiz